000 00386 a2200133 4500
005 20250702073812.0
020 _a0-08-024303-7
082 _a379.15091724 SIM
100 _aSIMMONS, J.
245 _aThe Education Dilemma: Policy Issues for Developing Countries in the 1980s.
260 _aNew York,
_bPergamon Press,
_c1980.
300 _axv, 262p.: table
_bIndex
_c26cm
942 _2ddc
_cBKS
999 _c6545
_d6545